| 000 | 00737nam a22002415a 4500 | ||
|---|---|---|---|
| 008 | 150817t1982 n ad f |||| 001 0 eng d | ||
| 010 | _a 81012399 | ||
| 020 | _a0070540802 : | ||
| 040 |
_aEG-ScBUE _beng _cEG-ScBUE |
||
| 082 | 0 | 4 |
_a604.2 _bROW _222 |
| 100 | 1 | _a | |
| 245 | 1 | 0 |
_aEngineering and industrial graphics handbook / _cGeorge E. Rowbotham. |
| 260 |
_aNew York : _bMcGraw-Hill, _cc.1982. |
||
| 300 |
_a(various pagings.) : _bill. ; _c29 cm. |
||
| 500 | _aIncludes indexes. | ||
| 590 | _adoha | ||
| 650 | 0 |
_aEngineering graphics _xHandbooks, manuals, etc. _2BUEsh |
|
| 651 | _2BUEsh | ||
| 653 |
_bENGGEN _cAugust2015 |
||
| 655 |
_vtext book _933728 |
||
| 700 | 1 |
_aRowbotham, George E. _eeditor |
|
| 942 |
_cNB _k604.2ROW _2ddc |
||
| 999 |
_c5898 _d5898 |
||